[Event "Madrid-ch 2011/2012- Semifinal B"]
[Site "Madrid ESP"]
[Date "2012.03.22"]
[Round "1.1"]
[White "Castano, Henry Augusto"]
[Black "Fuentes Arjona, Antonio"]
[Result "1-0"]
[WhiteElo "2284"]
[BlackElo "2012"]
[PlyCount "157"]
[EventDate "2012.03.22"]
[EventType "swiss"]
[EventRounds "9"]
[EventCountry "ESP"]
[Source "lmi"]
[SourceDate "2012.03.22"]

1. e4 c5 2. Nf3 e6 3. d4 cxd4 4. Nxd4 a6 5. Nc3 Qc7 6. Bd3 Nc6 7. Nxc6 Qxc6 8.
O-O Nf6 9. e5 Nd5 10. Ne4 Nb4 11. Re1 Nxd3 12. cxd3 d5 13. exd6 Bxd6 14. Nxd6+
Qxd6 15. Qg4 O-O 16. Bh6 g6 17. Bxf8 Kxf8 18. Qg5 Kg7 19. d4 b6 20. Qe5+ Qxe5
21. dxe5 Bb7 22. Rac1 Bd5 23. b3 Ra7 24. f4 a5 25. Re3 a4 26. Rc2 axb3 27. axb3
Ra1+ 28. Kf2 Rb1 29. Rcc3 b5 30. Rcd3 Rb2+ 31. Re2 Rxb3 32. Rxb3 Bxb3 33. Ke3
Bd5 34. Rb2 b4 35. g4 b3 36. g5 h5 37. Kd4 Kf8 38. Rb1 Ke7 39. Ra1 Kd8 40. Ra4
Kc7 41. Rb4 Kc6 42. Rb8 Kc7 43. Rb5 Kc6 44. Rb4 Kc7 45. Kc3 Kc6 46. Rb8 Kd7 47.
Rb6 Kc7 48. Rd6 Kc8 49. Ra6 Kb7 50. Ra4 Kb6 51. Rb4+ Kc7 52. Kd3 Kc8 53. Kc3
Kc7 54. Kb2 Kc8 55. Rd4 Kc7 56. f5 gxf5 57. Rh4 Bf3 58. Kxb3 Kd7 59. Kc3 Ke7
60. Kd2 Kf8 61. Ke3 Bd1 62. Rd4 Bc2 63. g6 Kg7 64. gxf7 Kxf7 65. Kf4 Kg6 66.
Rd8 Be4 67. Rf8 Bd5 68. Rf6+ Kg7 69. Kg5 Bc4 70. Kxh5 Bd5 71. Kg5 Bc4 72. h4
Kh7 73. h5 Bb3 74. h6 f4 75. Rxf4 Bc2 76. Rf6 Bf5 77. Rxf5 exf5 78. Kxf5 Kxh6
79. Kf6 1-0

[Event "Madrid-ch 2011/2012- Semifinal B"]
[Site "Madrid ESP"]
[Date "2012.03.22"]
[Round "1.2"]
[White "Ruiz Sanchez, Roberto"]
[Black "Barez Menendez, Hector"]
[Result "0-1"]
[WhiteElo "1997"]
[BlackElo "2155"]
[PlyCount "172"]
[EventDate "2012.03.22"]
[EventType "swiss"]
[EventRounds "9"]
[EventCountry "ESP"]
[Source "lmi"]
[SourceDate "2012.03.22"]

1. e4 e5 2. Nf3 Nf6 3. d4 exd4 4. e5 Ne4 5. Qxd4 d5 6. exd6 Nxd6 7. Bd3 Nc6 8.
Qf4 g6 9. Nc3 Bg7 10. Qe3+ Be6 11. Ng5 Qd7 12. Nxe6 fxe6 13. Ne4 Nf5 14. Qg5
O-O 15. O-O Ne5 16. Nc5 Qc6 17. Bxf5 Rxf5 18. Qe3 Nf3+ 19. gxf3 Rxc5 20. c3 Rf8
21. Qe4 Rxf3 22. Qxc6 Rxc6 23. Be3 Be5 24. Kg2 Rf5 25. Bxa7 Rg5+ 26. Kh1 Rc4
27. Be3 Rf5 28. Rg1 Rh4 29. Rg2 Rfh5 30. Rd1 Rxh2+ 31. Rxh2 Bxh2 32. Rd8+ Kf7
33. Kg2 Bd6 34. Rb8 b5 35. Rb7 Ke8 36. Ra7 Kd7 37. a4 bxa4 38. Rxa4 Bc5 39.
Bxc5 Rxc5 40. Rf4 Rf5 41. Rc4 Kd6 42. Kg3 Rd5 43. Rb4 h5 44. Rb8 Rg5+ 45. Kh3
c6 46. Re8 Kd7 47. Rg8 Ke7 48. Rc8 Rc5 49. Kh4 Rc4+ 50. Kh3 Kf6 51. Rf8+ Kg5
52. Re8 Kf5 53. Rf8+ Ke5 54. Rc8 Rc5 55. Kh4 Kd6 56. Rf8 Rc4+ 57. Kh3 Rg4 58.
Re8 c5 59. b3 Rg5 60. Rb8 Rf5 61. Kg3 h4+ 62. Kxh4 Rxf2 63. Rb6+ Kd7 64. Kg5 e5
65. Kxg6 e4 66. Rb7+ Kd6 67. Rb8 Rc2 68. Re8 Rxc3 69. Rxe4 Rxb3 70. Kf5 Kd5 71.
Rf4 Re3 72. Rf1 c4 73. Kf4 Re8 74. Rd1+ Kc5 75. Rc1 Kb4 76. Rb1+ Kc3 77. Rc1+
Kd3 78. Rd1+ Kc2 79. Rd7 c3 80. Kf3 Kb1 81. Rb7+ Kc1 82. Rc7 c2 83. Rc6 Re5 84.
Kf4 Re1 85. Kf3 Kb2 86. Rb6+ Ka3 0-1

[Event "Madrid-ch 2011/2012- Semifinal B"]
[Site "Madrid ESP"]
[Date "2012.03.22"]
[Round "1.3"]
[White "Hinojar Diez, David"]
[Black "Garcia Sanz, Eduardo"]
[Result "0-1"]
[WhiteElo "2148"]
[BlackElo "1994"]
[PlyCount "114"]
[EventDate "2012.03.22"]
[EventType "swiss"]
[EventRounds "9"]
[EventCountry "ESP"]
[Source "lmi"]
[SourceDate "2012.03.22"]

1. d4 d5 2. c4 e6 3. Nc3 c5 4. e3 Nc6 5. Nf3 Nf6 6. Be2 Be7 7. O-O O-O 8. a3 b6
9. b3 Bb7 10. Bb2 Rc8 11. cxd5 exd5 12. Rc1 Re8 13. Bd3 cxd4 14. exd4 a6 15.
Bf5 Rb8 16. b4 Bc8 17. Bd3 b5 18. Ne2 Qb6 19. Qc2 Bb7 20. Ng3 g6 21. Qd2 Bf8
22. Qf4 Bg7 23. Rc5 Rbd8 24. Rfc1 Nd7 25. R5c2 Nf8 26. Qh4 Ne6 27. Ne2 a5 28.
Bc3 axb4 29. axb4 Ra8 30. Ne5 Nxe5 31. dxe5 Ra3 32. Rd1 Rc8 33. Bd4 Nxd4 34.
Rxc8+ Bxc8 35. Qxd4 Qxd4 36. Nxd4 Bxe5 37. Nxb5 Rb3 38. Bf1 Be6 39. Na7 Bd6 40.
Nc6 Bxb4 41. Be2 Rb2 42. Kf1 Kg7 43. f4 Rxe2 44. Kxe2 Bg4+ 45. Ke3 Bxd1 46.
Nxb4 Bb3 47. Kd4 Kf6 48. g4 Ke6 49. h3 h5 50. Nd3 Bc4 51. Nc5+ Ke7 52. Ke5 h4
53. g5 Bf1 54. Kxd5 Bxh3 55. Nd3 Bg2+ 56. Ke5 h3 57. f5 h2 0-1

[Event "Madrid-ch 2011/2012- Semifinal B"]
[Site "Madrid ESP"]
[Date "2012.03.22"]
[Round "1.4"]
[White "Garcia Herranz, Jesus"]
[Black "Cerrato Torrijos, Maria"]
[Result "0-1"]
[WhiteElo "1968"]
[BlackElo "2101"]
[PlyCount "54"]
[EventDate "2012.03.22"]
[EventType "swiss"]
[EventRounds "9"]
[EventCountry "ESP"]
[Source "lmi"]
[SourceDate "2012.03.22"]

1. Nf3 d5 2. d4 Nf6 3. g3 c5 4. e3 e6 5. c4 dxc4 6. Qa4+ Bd7 7. Qxc4 Bc6 8. Bg2
cxd4 9. exd4 Be7 10. O-O O-O 11. Nc3 Nbd7 12. h3 Rc8 13. Qb3 Nb6 14. Be3 Nfd5
15. Nxd5 Bxd5 16. Qd1 Nc4 17. b3 Nxe3 18. fxe3 Bd6 19. Kh2 Qa5 20. Ng5 Bxg2 21.
Kxg2 Qxg5 22. Rf3 Rc3 23. h4 Qg6 24. Rc1 Rfc8 25. Rxc3 Rxc3 26. Kh3 h5 27. e4
Qg4+ 0-1

[Event "Madrid-ch 2011/2012- Semifinal B"]
[Site "Madrid ESP"]
[Date "2012.03.22"]
[Round "1.5"]
[White "Vazquez Gonzalez, Jesus"]
[Black "Rodriguez Vignote, Javier"]
[Result "0-1"]
[WhiteElo "2065"]
[BlackElo "1923"]
[PlyCount "112"]
[EventDate "2012.03.22"]
[EventType "swiss"]
[EventRounds "9"]
[EventCountry "ESP"]
[Source "lmi"]
[SourceDate "2012.03.22"]

1. b3 Nf6 2. Bb2 e6 3. e3 c5 4. Nf3 b6 5. c4 Bb7 6. d4 cxd4 7. exd4 Bb4+ 8.
Nfd2 O-O 9. a3 Be7 10. Nc3 d5 11. f3 Nc6 12. cxd5 exd5 13. Ne2 Re8 14. b4 Bd6
15. Qb3 Ba6 16. b5 Na5 17. Qd3 Nc4 18. bxa6 Nxb2 19. Qb3 Nc4 20. Nxc4 dxc4 21.
Qxc4 Rc8 22. Qb3 Bf4 23. Rd1 Nd5 24. g3 Rc3 25. Qb5 Bb8 26. Kf2 Rxa3 27. Rd3
Nc7 28. Qxe8+ Qxe8 29. Rxa3 Nd5 30. Nc1 Bd6 31. Rb3 Qc6 32. Bd3 Nb4 33. Be4 Qc4
34. Rd1 Nxa6 35. Bd3 Qc8 36. Ne2 Nb4 37. Be4 f5 38. Rc3 Qe6 39. Bb7 Nd5 40.
Rc8+ Kf7 41. Rd3 g5 42. Ra8 a5 43. Bc8 Qg6 44. Ra7+ Kf8 45. Ba6 f4 46. Bc4 Ne3
47. Ra8+ Ke7 48. Bb5 Qh5 49. Re8+ Kf6 50. Nxf4 gxf4 51. gxf4 Nd5 52. Bd7 Qxh2+
53. Kf1 Nxf4 54. Rb3 Qg2+ 55. Ke1 Bb4+ 56. Rxb4 axb4 0-1

[Event "Madrid-ch 2011/2012- Semifinal B"]
[Site "Madrid ESP"]
[Date "2012.03.22"]
[Round "1.6"]
[White "Garcia Serrano, Jose M. Ii"]
[Black "Arjona Martinez, Santiago"]
[Result "1/2-1/2"]
[WhiteElo "1894"]
[BlackElo "2062"]
[PlyCount "77"]
[EventDate "2012.03.22"]
[EventType "swiss"]
[EventRounds "9"]
[EventCountry "ESP"]
[Source "lmi"]
[SourceDate "2012.03.22"]

1. e4 c5 2. d4 cxd4 3. c3 dxc3 4. Nxc3 d6 5. Bc4 Nc6 6. Nf3 e6 7. O-O Nf6 8.
Qe2 Be7 9. Rd1 e5 10. h3 O-O 11. b3 a6 12. a4 Ne8 13. Nd5 Be6 14. Nxe7+ Qxe7
15. Ba3 Rd8 16. Rd2 Kh8 17. Rad1 f5 18. Bd5 fxe4 19. Qxe4 Rf4 20. Qe3 Bxd5 21.
Rxd5 Qf6 22. Qd2 Rxf3 23. gxf3 Nd4 24. Rxd4 exd4 25. Qxd4 Qxd4 26. Rxd4 d5 27.
Kf1 Kg8 28. Ke2 Kf7 29. Rf4+ Nf6 30. Bb2 Ke6 31. Bxf6 gxf6 32. Rh4 Rd7 33. Kd3
Ke5 34. f4+ Kf5 35. Kd4 Kg6 36. Rg4+ Kf5 37. Rh4 Kg6 38. Rg4+ Kf5 39. Rh4
1/2-1/2

[Event "Madrid-ch 2011/2012- Semifinal B"]
[Site "Madrid ESP"]
[Date "2012.03.22"]
[Round "1.7"]
[White "Munoz Cebey, Ricardo"]
[Black "Garcia-Ruiz Fuentes, Marcos"]
[Result "1/2-1/2"]
[WhiteElo "2061"]
[BlackElo "1873"]
[PlyCount "65"]
[EventDate "2012.03.22"]
[EventType "swiss"]
[EventRounds "9"]
[EventCountry "ESP"]
[Source "lmi"]
[SourceDate "2012.03.22"]

1. e4 c5 2. Nc3 d6 3. g3 Nc6 4. Bg2 g6 5. d3 Bg7 6. Be3 e5 7. Qd2 Be6 8. Nge2
Nd4 9. f4 Ne7 10. O-O O-O 11. h3 Qd7 12. g4 f5 13. gxf5 gxf5 14. Kh2 Ng6 15.
Rf2 Nh4 16. Bxd4 cxd4 17. Nd5 Nxg2 18. Rxg2 fxe4 19. dxe4 Bxh3 20. Rg3 Bg4 21.
Rag1 h5 22. f5 Kh7 23. Rxg4 hxg4 24. Qg5 Qf7 25. Rxg4 Bh6 26. Qh4 Rg8 27. Rxg8
Rxg8 28. Nf6+ Kg7 29. Nxg8 Qxg8 30. Qg4+ Kh7 31. Qxg8+ Kxg8 32. Kg3 Kf7 33. Kg4
1/2-1/2

[Event "Madrid-ch 2011/2012- Semifinal B"]
[Site "Madrid ESP"]
[Date "2012.03.22"]
[Round "1.8"]
[White "Rios Rebollo, Victor"]
[Black "Moreno Torrero, Javier"]
[Result "0-1"]
[WhiteElo "1842"]
[BlackElo "2045"]
[PlyCount "124"]
[EventDate "2012.03.22"]
[EventType "swiss"]
[EventRounds "9"]
[EventCountry "ESP"]
[Source "lmi"]
[SourceDate "2012.03.22"]

1. d4 Nf6 2. c4 g6 3. Nc3 d5 4. e3 Bg7 5. Qb3 c6 6. Nf3 O-O 7. Bd2 e6 8. Rc1
Nbd7 9. Bd3 dxc4 10. Bxc4 b5 11. Be2 a5 12. O-O Ba6 13. Rfe1 Qb8 14. Ng5 a4 15.
Qd1 Rc8 16. Nce4 h6 17. Nxf6+ Nxf6 18. Nf3 Ne4 19. Bd3 Nxd2 20. Qxd2 Qd6 21.
Rc5 g5 22. Rec1 Bb7 23. Qc2 Bf8 24. Qe2 Qd8 25. R5c2 b4 26. Ne5 c5 27. dxc5 Bd5
28. Bc4 Rxc5 29. Bxd5 Rxd5 30. Nf3 Bg7 31. h3 b3 32. axb3 axb3 33. Rc4 Kh7 34.
e4 Rd7 35. e5 Ra5 36. Rb4 Rdd5 37. Rxb3 Bxe5 38. Nxe5 Rxe5 39. Qd3+ Qxd3 40.
Rxd3 Re2 41. Rf3 Kg6 42. Rc7 Ra1+ 43. Kh2 f5 44. Rb7 Ree1 45. Rd3 f4 46. g4
Rh1+ 47. Kg2 Rag1+ 48. Kf3 Rxh3+ 49. Ke4 Rxd3 50. Kxd3 Rxg4 51. b4 Rg1 52. b5
Rf1 53. Ke2 Rb1 54. Kf3 Rb4 55. b6 h5 56. Rb8 g4+ 57. Kg2 h4 58. b7 h3+ 59. Kh2
Kg7 60. f3 Rb2+ 61. Kg1 g3 62. Kf1 h2 0-1

[Event "Madrid-ch 2011/2012- Semifinal B"]
[Site "Madrid ESP"]
[Date "2012.03.22"]
[Round "1.9"]
[White "Rodriguez Sanchez, Roberto"]
[Black "Arroyo Fernandez, Francisco J"]
[Result "1-0"]
[WhiteElo "2035"]
[BlackElo "1825"]
[PlyCount "68"]
[EventDate "2012.03.22"]
[EventType "swiss"]
[EventRounds "9"]
[EventCountry "ESP"]
[Source "lmi"]
[SourceDate "2012.03.22"]

1. e4 c5 2. Nf3 e6 3. Be2 a6 4. a4 b6 5. O-O Bb7 6. Nc3 d6 7. d4 cxd4 8. Nxd4
Nf6 9. f3 Be7 10. Kh1 Qc7 11. Qe1 d5 12. e5 Nfd7 13. f4 Nc6 14. Nxc6 Bxc6 15.
Be3 g6 16. Qf2 h5 17. Bf3 Rc8 18. Ne2 Nc5 19. a5 Bb5 20. axb6 Qb8 21. Rfc1 Bxe2
22. Qxe2 Qxb6 23. c4 d4 24. Bxd4 O-O 25. Rc3 Rfd8 26. Bg1 Qb4 27. Bxh5 Kg7 28.
Bf3 Nb3 29. Rd1 Rh8 30. Rd7 Bc5 31. Rb7 Nd4 32. Bxd4 Rxh2+ 33. Kxh2 Rh8+ 34.
Kg3 Bb6 1-0

[Event "Madrid-ch 2011/2012- Semifinal B"]
[Site "Madrid ESP"]
[Date "2012.03.22"]
[Round "1.10"]
[White "Monge Gilgado, Eva Maria"]
[Black "Baeza Escudero, Javier"]
[Result "0-1"]
[WhiteElo "1817"]
[BlackElo "2029"]
[PlyCount "80"]
[EventDate "2012.03.22"]
[EventType "swiss"]
[EventRounds "9"]
[EventCountry "ESP"]
[Source "lmi"]
[SourceDate "2012.03.22"]

1. e4 e5 2. Bc4 Nc6 3. c3 Nf6 4. d3 Be7 5. Nf3 O-O 6. O-O d6 7. Bb3 Na5 8. Bc2
c5 9. Bg5 Nc6 10. Re1 Qc7 11. Nbd2 Be6 12. Nf1 d5 13. exd5 Nxd5 14. Bxe7 Ndxe7
15. Ng5 Bf5 16. Ng3 Bg6 17. Qe2 Nd5 18. N3e4 b6 19. g3 Rae8 20. Bb3 Nde7 21. h4
h6 22. h5 Bf5 23. g4 Bc8 24. Nxf7 Rxf7 25. Qf3 Ref8 26. g5 Na5 27. Bxf7+ Rxf7
28. Qe2 Nd5 29. gxh6 Qe7 30. h7+ Kxh7 31. Ng3 Qf6 32. Qe4+ Kh8 33. Qxd5 Qxf2+
34. Kh1 Bb7 35. Qxb7 Nxb7 36. Rf1 Qxb2 37. Rxf7 Qxa1+ 38. Kg2 Qxa2+ 39. Rf2
Qd5+ 40. Ne4 Nd6 0-1

[Event "Madrid-ch 2011/2012- Semifinal B"]
[Site "Madrid ESP"]
[Date "2012.03.22"]
[Round "1.11"]
[White "Esquivias Gomez, Francisco J"]
[Black "Sebastian Enesco, Alex"]
[Result "1-0"]
[WhiteElo "2016"]
[BlackElo "1783"]
[PlyCount "89"]
[EventDate "2012.03.22"]
[EventType "swiss"]
[EventRounds "9"]
[EventCountry "ESP"]
[Source "lmi"]
[SourceDate "2012.03.22"]

1. Nf3 d5 2. d4 Nf6 3. c4 e6 4. cxd5 exd5 5. Bg5 Be7 6. Qc2 Nc6 7. a3 Ne4 8.
Bxe7 Qxe7 9. Nc3 Bf5 10. Qb3 O-O-O 11. e3 Bg4 12. Bb5 Nxf2 13. Kxf2 Rhe8 14.
Rae1 Bxf3 15. Bxc6 bxc6 16. gxf3 Qh4+ 17. Ke2 Qxd4 18. Ne4 Qe5 19. Nc5 Rd6 20.
Qb7+ Kd8 21. Qb8+ Ke7 22. Qxc7+ Kf8 23. Nd7+ Rxd7 24. Qxd7 Qxb2+ 25. Kf1 Qf6
26. Qg4 Re4 27. Qg3 g6 28. Kg2 Rc4 29. Re2 h5 30. f4 Qf5 31. h3 Rc3 32. Qe1
Qe4+ 33. Kh2 Rxa3 34. Qb1 Rd3 35. Rd1 Rxe3 36. Qxe4 Rxe4 37. Rxe4 dxe4 38. Rd6
Kg7 39. Rxc6 a5 40. Ra6 a4 41. Rxa4 f5 42. Kg3 Kf6 43. Ra6+ Kg7 44. Kh4 Kh6 45.
Re6 1-0

[Event "Madrid-ch 2011/2012- Semifinal B"]
[Site "Madrid ESP"]
[Date "2012.03.22"]
[Round "1.12"]
[White "Herranz Sanchez, Pablo"]
[Black "Cano Cabanillas, Javier"]
[Result "1-0"]
[WhiteElo "1661"]
[BlackElo "2016"]
[PlyCount "115"]
[EventDate "2012.03.22"]
[EventType "swiss"]
[EventRounds "9"]
[EventCountry "ESP"]
[Source "lmi"]
[SourceDate "2012.03.22"]

1. e4 e6 2. d4 d5 3. exd5 exd5 4. Bd3 Nf6 5. Bg5 Be7 6. Nd2 O-O 7. Ngf3 c5 8.
O-O Qb6 9. dxc5 Qxb2 10. Nb3 Bg4 11. Bc1 Bxf3 12. Bxb2 Bxd1 13. Raxd1 Nbd7 14.
c4 dxc4 15. Bxc4 Rfc8 16. Rfe1 Bf8 17. g3 Nxc5 18. Nxc5 Bxc5 19. Bb3 Rd8 20.
Bxf6 gxf6 21. Kg2 Kf8 22. Bc2 h6 23. Be4 Rab8 24. a4 b6 25. Bf3 Rbc8 26. Bb7
Rxd1 27. Rxd1 Rc7 28. Ba6 Re7 29. Bb5 Re4 30. Rd8+ Kg7 31. Ra8 Re7 32. Rd8 Re4
33. Rd7 Re7 34. Rd8 Rc7 35. Rd7 Rxd7 36. Bxd7 a6 37. g4 Kf8 38. h3 Ke7 39. Bc6
Bd4 40. f4 Kd6 41. Be8 Kc5 42. Bxf7 b5 43. axb5 axb5 44. h4 Kd6 45. Kf3 Ke7 46.
Bb3 Bc3 47. g5 h5 48. Kg3 Be1+ 49. Kh3 f5 50. Bd1 b4 51. Bxh5 b3 52. Bd1 b2 53.
Bc2 Ke6 54. h5 Bd2 55. Kg3 Bc3 56. h6 Bd4 57. g6 Kf6 58. g7 1-0

[Event "Madrid-ch 2011/2012- Semifinal B"]
[Site "Madrid ESP"]
[Date "2012.03.23"]
[Round "2.1"]
[White "Baeza Escudero, Javier"]
[Black "Castano, Henry Augusto"]
[Result "0-1"]
[WhiteElo "2029"]
[BlackElo "2284"]
[PlyCount "66"]
[EventDate "2012.03.22"]
[EventType "swiss"]
[EventRounds "9"]
[EventCountry "ESP"]
[Source "lmi"]
[SourceDate "2012.03.22"]

1. e4 e5 2. Nf3 Nc6 3. d4 exd4 4. Nxd4 Bc5 5. Be3 Qf6 6. c3 Nge7 7. Bc4 b6 8.
Na3 Bxa3 9. bxa3 Bb7 10. f3 O-O-O 11. O-O d5 12. Nxc6 Qxc6 13. Bxd5 Nxd5 14.
exd5 Rxd5 15. Qb3 Rhd8 16. Rac1 Qd6 17. Qb4 Qg6 18. Qg4+ Qxg4 19. fxg4 R8d7 20.
Bd4 c5 21. Bxg7 Rd2 22. Rf2 Rxf2 23. Kxf2 Rd2+ 24. Ke3 Rxg2 25. Rf1 Bd5 26. Rf5
Rxg4 27. Rxd5 Rxg7 28. Rf5 Kd7 29. Rf6 Ke7 30. Rf2 Rg4 31. Rb2 Ra4 32. Rb3 Rh4
33. Rb2 Rh3+ 0-1

[Event "Madrid-ch 2011/2012- Semifinal B"]
[Site "Madrid ESP"]
[Date "2012.03.23"]
[Round "2.2"]
[White "Barez Menendez, Hector"]
[Black "Esquivias Gomez, Francisco J"]
[Result "1/2-1/2"]
[WhiteElo "2155"]
[BlackElo "2016"]
[PlyCount "68"]
[EventDate "2012.03.22"]
[EventType "swiss"]
[EventRounds "9"]
[EventCountry "ESP"]
[Source "lmi"]
[SourceDate "2012.03.22"]

1. d4 f5 2. Nf3 g6 3. g3 Nf6 4. Bg2 Bg7 5. O-O O-O 6. c4 d6 7. Nc3 c6 8. d5 e5
9. dxe6 Bxe6 10. b3 Kh8 11. Qc2 Qc7 12. Ba3 Rd8 13. Rad1 Na6 14. Rd2 Rd7 15.
Rfd1 Rad8 16. Nd4 Bg8 17. e3 Qa5 18. Bb2 Nc5 19. a3 Qc7 20. b4 Ne6 21. Nxe6
Bxe6 22. Ne2 Bf7 23. Nf4 Ne8 24. e4 fxe4 25. Bxe4 Kg8 26. Bxg7 Nxg7 27. h4 Ne6
28. Nxe6 Bxe6 29. Re1 Bf7 30. h5 Re7 31. Red1 Re6 32. hxg6 Bxg6 33. Bxg6 hxg6
34. Re2 Qf7 1/2-1/2

[Event "Madrid-ch 2011/2012- Semifinal B"]
[Site "Madrid ESP"]
[Date "2012.03.23"]
[Round "2.5"]
[White "Garcia Sanz, Eduardo"]
[Black "Rodriguez Sanchez, Roberto"]
[Result "1-0"]
[WhiteElo "1994"]
[BlackElo "2035"]
[PlyCount "67"]
[EventDate "2012.03.22"]
[EventType "swiss"]
[EventRounds "9"]
[EventCountry "ESP"]
[Source "lmi"]
[SourceDate "2012.03.22"]

1. d4 Nf6 2. c4 e6 3. Nc3 Bb4 4. Nf3 O-O 5. g3 c5 6. Bg2 cxd4 7. Nxd4 Nc6 8.
O-O Qb6 9. Ndb5 a6 10. Be3 Qd8 11. Nd6 Ng4 12. Bf4 g5 13. Nxc8 Rxc8 14. Bd6
Bxd6 15. Qxd6 f6 16. Rad1 Rf7 17. b3 Qe7 18. Ne4 Kg7 19. Rd2 Nce5 20. Rfd1 Rc6
21. Qxe7 Rxe7 22. Nd6 Nf7 23. Nxf7 Kxf7 24. Bxc6 dxc6 25. Rd7 Ne5 26. Rxe7+
Kxe7 27. f4 gxf4 28. gxf4 Ng4 29. Rd3 f5 30. Rg3 Kf7 31. Rh3 Nf6 32. Kg2 Kg6
33. Rd3 Kf7 34. Rd8 1-0

[Event "Madrid-ch 2011/2012- Semifinal B"]
[Site "Madrid ESP"]
[Date "2012.03.23"]
[Round "2.6"]
[White "Rodriguez Vignote, Javier"]
[Black "Munoz Cebey, Ricardo"]
[Result "1/2-1/2"]
[WhiteElo "1923"]
[BlackElo "2061"]
[PlyCount "51"]
[EventDate "2012.03.22"]
[EventType "swiss"]
[EventRounds "9"]
[EventCountry "ESP"]
[Source "lmi"]
[SourceDate "2012.03.22"]

1. Nf3 d5 2. d4 Nf6 3. c4 dxc4 4. e3 e6 5. Bxc4 c5 6. O-O a6 7. dxc5 Qxd1 8.
Rxd1 Bxc5 9. Be2 Nbd7 10. Nbd2 b6 11. Nb3 Be7 12. Nfd4 Bb7 13. f3 O-O 14. e4
Rfd8 15. Be3 Rac8 16. Nd2 Bc5 17. Nc4 Kf8 18. Kf2 h6 19. g4 Ke7 20. a3 Kf8 21.
b4 Be7 22. Nb3 b5 23. Nca5 Ba8 24. Rac1 Ke8 25. Nd4 Ne5 26. h3 1/2-1/2

[Event "Madrid-ch 2011/2012- Semifinal B"]
[Site "Madrid ESP"]
[Date "2012.03.23"]
[Round "2.7"]
[White "Garcia-Ruiz Fuentes, Marcos"]
[Black "Garcia Serrano, Jose M. Ii"]
[Result "1/2-1/2"]
[WhiteElo "1873"]
[BlackElo "1894"]
[PlyCount "72"]
[EventDate "2012.03.22"]
[EventType "swiss"]
[EventRounds "9"]
[EventCountry "ESP"]
[Source "lmi"]
[SourceDate "2012.03.22"]

1. e4 e5 2. Bc4 Nf6 3. d4 exd4 4. Nf3 Nc6 5. e5 d5 6. Bb5 Ne4 7. Nxd4 Bd7 8.
Bxc6 bxc6 9. O-O Bc5 10. Be3 O-O 11. f3 Ng5 12. f4 Ne4 13. Nd2 Bxd4 14. Bxd4
Bf5 15. Nxe4 Bxe4 16. c3 a5 17. a3 a4 18. Qd2 Qd7 19. Qf2 Qf5 20. h3 h5 21.
Rfe1 Rab8 22. Re3 Rb3 23. Rg3 Rfb8 24. Rg5 Qh7 25. e6 Rxb2 26. Qh4 fxe6 27.
Rxg7+ Qxg7 28. Bxg7 Rxg2+ 29. Kf1 Rxg7 30. Ke2 Rg2+ 31. Ke3 c5 32. Qe7 Rg3+ 33.
Kf2 Rf3+ 34. Ke1 Re3+ 35. Kf2 Rf3+ 36. Ke1 Re3+ 1/2-1/2

[Event "Madrid-ch 2011/2012- Semifinal B"]
[Site "Madrid ESP"]
[Date "2012.03.23"]
[Round "2.8"]
[White "Arjona Martinez, Santiago"]
[Black "Hinojar Diez, David"]
[Result "0-1"]
[WhiteElo "2062"]
[BlackElo "2148"]
[PlyCount "116"]
[EventDate "2012.03.22"]
[EventType "swiss"]
[EventRounds "9"]
[EventCountry "ESP"]
[Source "lmi"]
[SourceDate "2012.03.22"]

1. d4 Nf6 2. Nf3 e6 3. Bg5 d5 4. e3 Be7 5. Bd3 c5 6. c3 Nc6 7. Nbd2 c4 8. Bc2
b5 9. O-O a5 10. e4 dxe4 11. Nxe4 Nxe4 12. Bxe4 Ra6 13. Bxe7 Nxe7 14. Ne5 O-O
15. a4 Bd7 16. b3 Nd5 17. bxc4 bxc4 18. Qc2 f5 19. Bxd5 exd5 20. f4 Be8 21.
Rab1 Rb6 22. Rxb6 Qxb6 23. Rb1 Bxa4 24. Rxb6 Bxc2 25. Ra6 a4 26. Nd7 Re8 27.
Kf2 Bd3 28. Ne5 Bc2 29. Nd7 h6 30. Nc5 Rb8 31. Nxa4 Rb3 32. Rb6 Ra3 33. Rb8+
Kh7 34. Nb6 Be4 35. Rd8 Rxc3 36. Nxd5 Rc2+ 37. Ke3 Rxg2 38. Rd7 Kg8 39. Nc3 Bd3
40. d5 Rxh2 41. d6 Bf1 42. Re7 Rh3+ 43. Kf2 Rxc3 44. d7 Rd3 45. Re8+ Kf7 46.
d8=Q Rxd8 47. Rxd8 Bd3 48. Ke3 g5 49. Rd6 Kg7 50. Rc6 g4 51. Kf2 h5 52. Kg3 Kf7
53. Kh4 Ke7 54. Kxh5 Kd7 55. Rc5 g3 56. Ra5 g2 57. Ra1 Kd6 58. Rg1 Be2+ 0-1

[Event "Madrid-ch 2011/2012- Semifinal B"]
[Site "Madrid ESP"]
[Date "2012.03.23"]
[Round "2.9"]
[White "Garcia Salamero, Gabriel"]
[Black "Garcia Herranz, Jesus"]
[Result "1-0"]
[WhiteElo "2225"]
[BlackElo "1968"]
[PlyCount "102"]
[EventDate "2012.03.22"]
[EventType "swiss"]
[EventRounds "9"]
[EventCountry "ESP"]
[Source "lmi"]
[SourceDate "2012.03.22"]

1. e4 e5 2. Nf3 Nc6 3. Bb5 a6 4. Ba4 Nf6 5. O-O b5 6. Bb3 Be7 7. Re1 d6 8. c3
O-O 9. h3 Na5 10. Bc2 c5 11. d4 Qc7 12. Nbd2 Re8 13. Nf1 Bf8 14. d5 g6 15. Ng3
Bg7 16. Nh2 Rf8 17. f4 exf4 18. Bxf4 Nc4 19. b3 Ne5 20. Bxe5 dxe5 21. Nf3 Ne8
22. Qd2 Nd6 23. Rad1 Bd7 24. Re2 a5 25. Bb1 c4 26. Qe3 f6 27. Nf1 Kh8 28. Kh1
Rae8 29. g4 cxb3 30. axb3 a4 31. bxa4 bxa4 32. N1d2 Rb8 33. c4 Rfc8 34. Rc1 Nb7
35. Ne1 Bf8 36. Nd3 Nc5 37. g5 f5 38. exf5 Nxd3 39. Bxd3 gxf5 40. g6 e4 41. Rg2
Bg7 42. gxh7 Bb5 43. Rcg1 Be5 44. Bf1 Qxh7 45. Rg6 Be8 46. Rh6 Rc7 47. Qg5 Rg7
48. Rxh7+ Kxh7 49. Qxf5+ Bg6 50. Qxe5 Re8 51. Qf6 Reg8 1-0

[Event "Madrid-ch 2011/2012- Semifinal B"]
[Site "Madrid ESP"]
[Date "2012.03.23"]
[Round "2.10"]
[White "Arroyo Fernandez, Francisco J"]
[Black "Vazquez Gonzalez, Jesus"]
[Result "0-1"]
[WhiteElo "1825"]
[BlackElo "2065"]
[PlyCount "76"]
[EventDate "2012.03.22"]
[EventType "swiss"]
[EventRounds "9"]
[EventCountry "ESP"]
[Source "lmi"]
[SourceDate "2012.03.22"]

1. d4 c5 2. c3 cxd4 3. cxd4 g6 4. Nf3 Bg7 5. Bf4 Nc6 6. e3 Nf6 7. Nc3 Nh5 8.
Bg5 h6 9. Bh4 g5 10. Nd2 Nf6 11. Bg3 d5 12. Nb3 a6 13. Rc1 O-O 14. Bd3 Re8 15.
O-O e5 16. dxe5 Nxe5 17. Bb1 Bg4 18. Qd4 Nc6 19. Qd2 Qe7 20. f3 Bh5 21. Bf2
Rad8 22. g4 Ne5 23. Nd4 Bg6 24. Bxg6 fxg6 25. b3 h5 26. h3 Qd7 27. Bg3 hxg4 28.
hxg4 Nexg4 29. fxg4 Qxg4 30. Kg2 Nh5 31. Nce2 Bxd4 32. Qxd4 Qxe2+ 33. Rf2 Qxe3
34. Rf8+ Kxf8 35. Qh8+ Kf7 36. Qh7+ Kf6 37. Rf1+ Nf4+ 38. Bxf4 gxf4 0-1

[Event "Madrid-ch 2011/2012- Semifinal B"]
[Site "Madrid ESP"]
[Date "2012.03.23"]
[Round "2.11"]
[White "Fuentes Arjona, Antonio"]
[Black "Rios Rebollo, Victor"]
[Result "1-0"]
[WhiteElo "2012"]
[BlackElo "1842"]
[PlyCount "67"]
[EventDate "2012.03.22"]
[EventType "swiss"]
[EventRounds "9"]
[EventCountry "ESP"]
[Source "lmi"]
[SourceDate "2012.03.22"]

1. e4 e6 2. d4 d5 3. e5 c5 4. c3 Qb6 5. Nf3 Bd7 6. Be2 Bb5 7. O-O Nc6 8. Bxb5
Qxb5 9. a4 Qb6 10. dxc5 Bxc5 11. b4 Be7 12. a5 Qc7 13. Qa4 Nh6 14. b5 Nd8 15.
Re1 O-O 16. Bxh6 gxh6 17. Qg4+ Kh8 18. Qh5 Qc4 19. Nd4 Rg8 20. Qxh6 Rg6 21. Qh5
a6 22. Re3 axb5 23. Nd2 Qc8 24. Nxb5 b6 25. Rh3 h6 26. Ra4 Bf8 27. Rg4 Rxg4 28.
Qxg4 Rxa5 29. Rg3 Ra1+ 30. Nf1 Rxf1+ 31. Kxf1 Qc4+ 32. Qxc4 dxc4 33. Nd6 Bg7
34. f4 1-0

[Event "Madrid-ch 2011/2012- Semifinal B"]
[Site "Madrid ESP"]
[Date "2012.03.23"]
[Round "2.12"]
[White "Brull Cortes, Boris"]
[Black "Monge Gilgado, Eva Maria"]
[Result "0-1"]
[WhiteElo "2005"]
[BlackElo "1817"]
[PlyCount "26"]
[EventDate "2012.03.22"]
[EventType "swiss"]
[EventRounds "9"]
[EventCountry "ESP"]
[Source "lmi"]
[SourceDate "2012.03.22"]

1. d4 f5 2. g4 fxg4 3. h3 b6 4. Bg2 d5 5. e4 Bb7 6. e5 Qd7 7. hxg4 Na6 8. Nh3
e6 9. Nf4 Ne7 10. g5 O-O-O 11. Bh3 Nf5 12. Bxf5 exf5 13. Ng6 hxg6 0-1